Diamond City Radio Songs - Statistics

General Stats
  • This quiz has been taken 7 times
  • The average score is 22 of 34
Answer Stats
Artist Song % Correct
Cole Porter Anything Goes
100%
Roy Brown Butcher Pete
100%
Danny Kaye, The Andrews Sisters Civilization / Bongo Bongo Bongo
100%
Billie Holiday Crazy He Calls Me
100%
Billie Holiday Easy Living
100%
The Ink Spots I Don't Want to Set the World On Fire
100%
The Ink Spots Maybe
100%
Roy Brown Mighty Mighty Man
100%
Johnny Mercer, The Pied Pipers Personality
100%
Skeeter Davis The End of the World
100%
The Five Stars Atom Bomb Baby
67%
Sheldon Allman Crawl Out Through The Fallout
67%
Roy Brown Good Rockin Tonight
67%
Wynonie Harris Grandma Plays The Numbers
67%
Betty Hutton He's a Demon / He's a Devil / He's a D
67%
The Ink Spots, Ella Fitzgerald Into Each Life Some Rain Must Fall
67%
Betty Hutton It's a Man
67%
Nat King Cole Trio Orange Colored Sky
67%
Bing Crosby, The Andrews Sisters Pistol Packin Mama
67%
Todd Rhodes Rocket 69
67%
Dion The Wanderer
67%
Ella Fitzgerald Undecided
67%
Elton Britt Uranium Fever
67%
Warren Smith Uranium Rock
67%
Bing Crosby, The Andrews Sisters Ac-Cent-Tchu-Ate The Positive / AcCentTchuAte
33%
Tex Beneke A Wonderful Guy
33%
Bob Crosby & The Bob Cats Dear Hearts and Gentle People
33%
Bob Crosby & The Bob Cats Happy Times
33%
Louis Jordan & His Tympany Five Keep a Knockin / But You Can't Come In
33%
Ernesto Lecuona, Franco Rivero, Aramis Arcaute One More Tomorrow
33%
Ray Smith Right Behind You Baby
33%
Billy Ward & The Dominoes Sixty Minute Man
33%
Bob Crosby & The Bob Cats Way Back Home
33%
Big Maybelle Whole Lotta Shakin Goin On
0%
No matching quizzes found
Score Distribution
Percent of People with Each Score
Percentile by Number Answered
Your Score History
You have not taken this quiz